Trenčianske Teplice

Zobrazenie: Na striebornom podklade v modrom orámovaní pohľady na kúpeľné domy v exteriéri aj v interiéri, kúpeľná dvorana a námestie s parkom

Bibliographic Details
Other Authors: Šmátrala, Milan (fotograf) (Photographer), Šmátralová, Vlasta (fotografka) (Photographer)
Format: Photo
Language:Slovak
PhysicalDescription:1 pohľadnica (5 čiastkových pohľadov) farebná 11 x 15 cm
Published: Bratislava Pravda 1989
Subjects:

MARC

LEADER 00000ckm a2200000 a 4500
001 vtls011787284
003 SK-MaSNL
005 20260331211740.0
007 kf co
008 230718s1989 xo g 0kuslo
015 |a SNBG1989 
035 |a urn:nbn:sk:snk-km00dr0f 
035 |a urn:nbn:sk:snk-km3lwo5 
035 |a 203682CF-7C18-490E-8082-9295BD5C2D20 
040 |a SNK  |b slo  |c SNK  |e AACR2 
041 0 |a slo 
043 |a e-xo--- 
044 |a xo  |c SK 
072 7 |a 913  |x Regionálna geografia  |2 konspekt 
080 |a 913(437.6)  |2 2011 
080 |a (084.121)  |2 2011 
080 |a 711.455:615.838  |2 2011 
080 |a 614.2:[725.1:614.21]  |2 2011 
100 1 |a Šmátrala, Milan  |c (fotograf)  |4 pht  |9 164919 
245 1 0 |a Trenčianske Teplice  |h grafika  |c foto Milan Šmátrala, Vlasta Šmátralová 
260 |a Bratislava  |b Pravda  |c 1989 
300 |a 1 pohľadnica (5 čiastkových pohľadov)  |b farebná  |c 11 x 15 cm 
500 |a Hlavný názov prevzatý z obrazovej časti pohľadnice 
500 |a Na adresnej časti pohľadnice uvedené: Trenčianske Teplice - svetoznáme kúpelné mesto v údolí Tepličky v Strážovských vrchoch. Najstaršia zmienka pochádza z r. 1355. Liečia sa tu s úspechom najmä choroby pohybového ústrojenstva a poúrazové stavy 
520 8 |a Zobrazenie: Na striebornom podklade v modrom orámovaní pohľady na kúpeľné domy v exteriéri aj v interiéri, kúpeľná dvorana a námestie s parkom 
610 2 7 |a Trenčianske Teplice (Slovensko : kúpele)  |2 SNKKA  |9 187705 
650 0 7 |a kúpele  |2 SNKPH  |9 1139 
650 0 7 |a liečebne  |2 SNKPH  |9 56920 
651 7 |a Trenčianske Teplice (Slovensko)  |2 SNKPHgeo  |9 14503 
700 1 |a Šmátralová, Vlasta  |c (fotografka)  |4 pht  |9 283285 
852 |a Slovenská národná knižnica 
958 |a GBN 
958 |a TL 
958 |a GC 
958 |a OND 
958 |a EUIPO 
999 |c 1115134  |d 1117064 
952 |a SNK  |b SNK  |y PREZ  |7 0  |p 17A1295299  |o snkSP 141614  |i snk715/90  |0 0  |1 0  |4 0  |d 2018-10-24  |f 1  |l 0  |r 2026-02-24 18:13:41  |w 2026-02-24 
952 |a SNK  |b SNK  |y PREZ  |7 0  |p 17A1295282  |o snkSP 141614 D1  |i snk716/90  |0 0  |1 0  |4 0  |d 2018-10-24  |l 0  |r 2026-02-24 18:13:41  |w 2026-02-24